| 000 | 00513 a2200193 4500 | ||
|---|---|---|---|
| 005 | 20260204145222.0 | ||
| 008 | 260204b |||||||| |||| 00| 0 eng d | ||
| 020 |
_a9789394384088 _cRs. 1699.00 |
||
| 040 | _aMAIN | ||
| 082 |
_a355.02 _bL15I |
||
| 100 | _aLal, S N | ||
| 245 | _aInternet of military things | ||
| 260 |
_bSaddle Publishers _c2025 _aDelhi |
||
| 300 | _aviii, 264 | ||
| 650 | _aMilitary Science | ||
| 650 | _aContemporary Warfare | ||
| 650 | _aAdvanced Technologies Internet | ||
| 942 | _cBK | ||
| 999 |
_c395466 _d395466 |
||